|
|
|
|
| LEADER |
00000nam0a2200000 4500 |
| 001 |
73195 |
| 005 |
20240122142554.0 |
| 035 |
|
|
|a (RuTPU)RU\TPU\book\78084
|
| 090 |
|
|
|a 73195
|
| 100 |
|
|
|a 20050211d2002 m y0rusy50 ca
|
| 101 |
0 |
|
|a rus
|
| 102 |
|
|
|a RU
|
| 105 |
|
|
|a y j 001zy
|
| 200 |
1 |
|
|a Расчеты реакционной аппаратуры химических производств
|e учебное пособие
|f А. А. Ляпков, Г. Н. Иванов, В. В. Бочкарев
|g Томский политехнический университет
|
| 210 |
|
|
|a Томск
|c Изд-во ТПУ
|d 2002
|
| 215 |
|
|
|a 122 с.
|
| 320 |
|
|
|a Библиогр.: с. 121.
|
| 330 |
|
|
|a В учебном пособии изложены основные методы расчета реакционной аппаратуры процессов химической технологии органических веществ, рассмотрено большое количество примеров, раскрывающих представление о материальных и тепловых балансах химических реакторов, о способах и приемах расчета объемов реакционной зоны и других характеристик реакторов с учетом кинетических и практических данных. Каждая глава, кроме теоретической части, содержит решения различных задач, помогающих усвоению материала. Изложение пособия построено с учетом активного использования ЭВМ.
|
| 606 |
1 |
|
|a Реакционные установки
|x Расчет
|2 stltpush
|3 (RuTPU)RU\TPU\subj\31334
|9 54210
|
| 610 |
1 |
|
|a химическая технология
|
| 610 |
1 |
|
|a реакционная аппаратура
|
| 610 |
1 |
|
|a идеальные реакторы
|
| 610 |
1 |
|
|a реакционные устройства
|
| 610 |
1 |
|
|a реальные реакторы
|
| 610 |
1 |
|
|a материальные балансы
|
| 610 |
1 |
|
|a тепловые балансы
|
| 610 |
1 |
|
|a ОРЗ
|
| 610 |
1 |
|
|a учебные пособия
|
| 675 |
|
|
|a 66.023.2(075.8)
|v 3
|
| 700 |
|
1 |
|a Ляпков
|b А. А.
|c химик-технолог
|c доцент Томского политехнического университета, кандидат химических наук
|f 1958-
|g Алексей Алексеевич
|3 (RuTPU)RU\TPU\pers\25490
|9 11427
|
| 701 |
|
1 |
|a Иванов
|b Г. Н.
|g Георгий Николаевич
|
| 701 |
|
1 |
|a Бочкарев
|b В. В.
|c химик-технолог
|c доцент Томского политехнического университета, кандидат химических наук
|f 1948-
|g Валерий Владимирович
|3 (RuTPU)RU\TPU\pers\25606
|
| 712 |
0 |
2 |
|a Томский политехнический университет
|3 (RuTPU)RU\TPU\col\376
|
| 801 |
|
1 |
|a RU
|b 63413507
|c 20050211
|g PSBO
|
| 801 |
|
2 |
|a RU
|b 63413507
|c 20201021
|g PSBO
|
| 942 |
|
|
|c BK
|